| 000 | 00624nam a2200193 a 4500 | ||
|---|---|---|---|
| 005 | 20250904063942.0 | ||
| 008 | 011017s1996 mx r 000 0 spa d | ||
| 020 | _a9681206789 | ||
| 035 | _aUPN01000113208 | ||
| 049 | _aCG | ||
| 050 | 4 |
_aLC5148 A4.4 _bE3.8 |
|
| 245 | 0 | 0 |
_aEducación rural e indígena en Iberoamérica / _ccoord. Pilar Gonzalbo Aizpuru. |
| 260 |
_aMéxico : _bEl Colegio de México : _bUNED, _c1996. |
||
| 300 | _a316 p. | ||
| 650 | 4 |
_aEducación rural _zAmérica Latina _919071 |
|
| 650 | 4 |
_aIndígenas de México _xEducación _910 |
|
| 700 | 1 |
_aGonzalbo, Pilar, _d1935-2024 _ecoord. _928880 |
|
| 905 | _aLibro | ||
| 999 |
_c87116 _d87116 |
||